• 首页
  • 本馆介绍
  • 公告通知
  • 最新文献
  • 馆藏检索
  • 电子资源
  • 读者导购
  • 参考咨询
  • 我的图书馆
  • 登录
  • 详细信息显示
  • 放入我的书架
  • 预约/预借图书
  • 作者相关作品
  • 分类相关作品
  • 丛书相关作品
  • 出版社相关作品

书目信息

  • 表格格式
  • 工作单格式
  • 卡片格式
题名:
你焦虑,不代表你努力
    
 
作者: 金正浩 著
分册:  
出版信息: 北京   化学工业出版社  2017
页数: 242页
开本: 21cm
丛书名:
单 册:
中图分类: B842.6-49
科图分类:
主题词: 焦虑--自我控制--通俗读物
电子资源:
ISBN: 978-7-122-27327-7
000 01007nam0 2200241 450
001 484
005 20180520221447.43
010    @a978-7-122-27327-7@dCNY38.00
100    @a20170215d2017 em y0chiy50 ea
101 0  @achi
102    @aCN@b110000
105    @ay z 000yy
200 1  @a你焦虑,不代表你努力@9ni jiao lv,bu dai biao ni nu li@dYour anxieties make no sense@zeng@f金正浩著
210    @a北京@c化学工业出版社@d2017
215    @a242页@d21cm
314    @a金正浩,作家,自媒体人,22岁大学毕业,从不知名的小公司做起,30岁时开办了自己的公司,同时也是一位演讲者。著有畅销书《20-30岁,我拿十年做什么?》。
330    @a本书共分五部分,主要内容包括:是什么让你变得焦虑;不完美,也是一种美啊;再牛的梦想,也抵不住你傻傻的坚持;把你的“朋友圈”建起来;生活,本应不是你现在的苟且。
510 1  @aYour anxieties make no sense@zeng
606 0  @a焦虑@x自我控制@j通俗读物
690    @aB842.6-49@v5
701  0 @a金正浩@9jin zheng hao@4著
801  0 @aCN@b91MARC@c20170215
905    @aMuseLib@dB842.6@e1950
    
    你焦虑,不代表你努力=Your anxieties make no sense/金正浩著.-北京:化学工业出版社,2017
    242页;21cm
    
    
    ISBN 978-7-122-27327-7:CNY38.00
    本书共分五部分,主要内容包括:是什么让你变得焦虑;不完美,也是一种美啊;再牛的梦想,也抵不住你傻傻的坚持;把你的“朋友圈”建起来;生活,本应不是你现在的苟且。
●
相关链接 在E读中查询图书 在五车中查询图书 在当当中查询图书 在豆瓣中查询图书


正题名:你焦虑,不代表你努力     索取号:B842.6/1950         预约/预借

序号 登录号 条形码 馆藏地/架位号 状态 备注
1 1102842   211028421   第一借阅区/ [索取号:B842.6/1950] 在馆    
2 1102843   211028430   教育系资料室/ [索取号:B842.6/1950] 在馆    
3 1102844   211028449   教育系资料室/ [索取号:B842.6/1950] 在馆    
4 1102845   211028458   教育系资料室/ [索取号:B842.6/1950] 在馆    
5 1102846   211028467   第一借阅区/ [索取号:B842.6/1950] 在馆    
6 1102847   211028476   第一借阅区/ [索取号:B842.6/1950] 在馆    
7 997356   209973563   第一样本阅览室/ [索取号:B842.6/1950] 在馆    
8 997357   209973572   第一借阅区/ [索取号:B842.6/1950] 在馆    
9 997358   209973581   第一借阅区/ [索取号:B842.6/1950] 在馆    
10 997359   209973590   第一借阅区/ [索取号:B842.6/1950] 在馆    
11 997360   209973607   第一借阅区/ [索取号:B842.6/1950] 在馆    
12 997361   209973616   史法系资料室/ [索取号:B842.6/1950] 在馆    
唐山师范学院图书馆 欢迎您!
大连网信软件有限公司© 版权所有